| 000 | 00402nam a2200145Ia 4500 | ||
|---|---|---|---|
| 008 | 210716s2010 xx 000 0 und d | ||
| 020 | _a9788131510803 | ||
| 041 | _aeng | ||
| 082 | _a658.1511 KUMV | ||
| 100 | _aKumar, V K. | ||
| 245 |
_aStrategic management accounting: theory and practice. _bTheory and practice. |
||
| 250 | _a1 | ||
| 260 |
_aNew Delhi _bCengage Learning _c2010 |
||
| 300 | _axii,311 | ||
| 999 |
_c208410 _d208410 |
||